Propuesta de Sistema de control de renta de vehículos para la empresa Lugo Rent a Car
Presenta un estudio de sistema web que optimice el tiempo que conlleva el proceso de renta de vehículos en la empresa Lugo rent a car ya que no ceuntan con el recurso, la implementación agilizara la generación de reportes, informes de clientes y floja vehicular.
| Main Author: | |
|---|---|
| Other Authors: | |
| Format: | Tesis Section = Libro |
| Language: | Undetermined Spanish |
| Published: |
Managua
UNI
2012
|
| Subjects: |
| LEADER | 01102nam a2200253Ia 4500 | ||
|---|---|---|---|
| 008 | 240830s9999 xx 000 0 und d | ||
| 040 | |a BIBLIOTECA-RUSB/ T.Mon 658.514 Z25 | ||
| 041 | |a spa | ||
| 082 | |a T.Mon 658.514 Z25 | ||
| 100 | 1 | |a Zamora Martínez, Yaoska Scarlett | |
| 245 | 1 | 0 | |a Propuesta de Sistema de control de renta de vehículos para la empresa Lugo Rent a Car |
| 260 | |a Managua |b UNI |c 2012 | ||
| 300 | |a 24 p. :il. | ||
| 502 | |a Tesis (Ingeniero en Computación) - UNI, 2012. | ||
| 520 | 3 | |a Presenta un estudio de sistema web que optimice el tiempo que conlleva el proceso de renta de vehículos en la empresa Lugo rent a car ya que no ceuntan con el recurso, la implementación agilizara la generación de reportes, informes de clientes y floja vehicular. | |
| 650 | 7 | |a AUTOMATIZACION EMPRESARIAL | |
| 650 | 7 | |b CONTROL AUTOMATIZADO DE LA INFORMACION | |
| 650 | 7 | |c SISTEMA DE CONTROL VEHICULAR | |
| 650 | 7 | |d LUGO RENTA CAR | |
| 650 | 7 | |e DESARROLLO DE APLICACION DE SOFTWARE | |
| 700 | 1 | |a Tutor: |b Nororí Paguaga, Verónica | |
| 942 | |c BK |2 ddc | ||
| 991 | |a TESIS | ||
| 999 | |c 21920 | ||